| 000 | 00329nam a2200097Ia 4500 | ||
|---|---|---|---|
| 008 | 220120s9999||||xx |||||||||||||| ||und|| | ||
| 100 |
_aBojamma K T and others _912533 |
||
| 245 | 0 | _aBank locker security system based on GSM and RFID technology | |
| 260 |
_aCoorg Institute of Technology _bPonnampet _c2013 |
||
| 650 | _aCOMPUTER SCIENCE | ||
| 999 |
_c138131 _d138131 |
||